000 00196nam a22000977a 4500
041 _aeng
080 _a80
100 _aGraham, Carolyn
245 _aSmall Talk More Jazz Chants from
999 _c279908
_d279908
942 _cBK